02210nam a2200253Ia 4500003000400000005001700004008004100021020001800062040002100080041001300101082002300114100003200137245012200169260003800291300007900329500009700408504003800505505011800543520121300661546002801874650002201902650001201924650002001936OSt20210713091605.0210310s2009 sp ad fr 000 0dspa d a9788479789329 aCO-JMCRcCO-JMCR1 aspahita04a332.6 /bD579g2231 aDi Lorenzo, Renato, eautor10aGanar en bolsa : btodo lo que sirve para invertir con profesionalidad, seguridad y autonomía / cRenato Di Lorenzo aMadrid : bDiaz de Santos, c2009 axx, 499 páginas : bilustraciones y graficas a blanca y negro ; c24 cm. aIncluye notas a pie de página. Título original: Guadagnare in borsa de Renato Di Lorenzo aBibliografía: páginas 491-4980 aQué comprar y qué vender -- Cuándo comprar y vender -- Cómo comprar y vender -- Cuánto comprar y vender3 a¡Ánimo! El mundo de los mercados financieros les espera y sepan que ustedes no están condicionados nada más que por su propio talento. Invertir en bolsa no tiene secretos: se compra bajo y se revende más alto. O se vende al descubierto alto y se recompra luego más bajo. Simple, ¿no? Por supuesto que no. Como en todas las cosas, es preciso aprender. Por lo tanto, para hacer trading es preciso estudiar bien el cómo y el cuándo invertir, no basta sólo con tener una gran intuición. Por eso, este libro, que es un compendio de toda una serie de publicaciones de Renato Di Lorenzo, es también una guía sencilla para todo aquel, neófito o experimentado, que quiera invertir en bolsa con ciertas garantías; para los que empiezan y para los que llevan ya tiempo en la carretera. Todos los que hacemos trading cultivamos nuestro sueño particular, el de jugar nuestra partida libres de condicionamientos de ninguna clase, solo frente al mercado. Sil llevamos las riendas de nuestra fortuna, no podremos quejarnos de nadie porque ninguno nos habrá impuesto ni sus elecciones si sus instrumentos. Por eso lo único que les hace falta es ánimo, mucho coraje, y por supuesto, suerte. aTraducido del italiano.14aBolsas de valores24aValores24aMercado capital